Diccionario simultáneo en 21 idiomas : (Record no. 56395)

MARC details
000 -LEADER
campo de control de longitud fija 00796nam a2200217 i 4500
001 - NÚMERO DE CONTROL
campo de control 56395
003 - IDENTIFICADOR DE NÚMERO DE CONTROL
campo de control ES-MaACL
005 - FECHA Y HORA DE LA ÚLTIMA TRANSACCIÓN
campo de control 20240227112236.0
007 - CAMPO FIJO DE DESCRIPCIÓN FÍSICA--INFORMACIÓN GENERAL
campo de control de longitud fija t|
008 - DATOS DE LONGITUD FIJA--INFORMACIÓN GENERAL
campo de control de longitud fija 031008s1977 sp ||||1| spa d
020 ## - NÚMERO INTERNACIONAL ESTÁNDAR DEL LIBRO
Número Internacional Estándar del Libro 84-85117-16-6
080 ## - NÚMERO DE LA CLASIFICACIÓN DECIMAL UNIVERSAL
Número de la Clasificación Decimal Universal 03=00
245 00 - MENCIÓN DEL TÍTULO
Título Diccionario simultáneo en 21 idiomas :
Resto del título español, inglés, francés, alemán, italiano, portugués, catalán, checo, danés, esperanto, finés, griego, holandes, húngaro, malayo, noruego, polaco, rumano, ruso, sueco, turco.
260 ## - PUBLICACIÓN, DISTRIBUCIÓN, ETC.
Lugar de publicación, distribución, etc. Barcelona :
Nombre del editor, distribuidor, etc. Distein,
Fecha de publicación, distribución, etc. [1977]
300 ## - DESCRIPCIÓN FÍSICA
Extensión 230 h. ;
Dimensiones 20 cm.
650 04 - PUNTO DE ACCESO ADICIONAL DE MATERIA--TÉRMINO DE MATERIA
Término de materia o nombre geográfico como elemento de entrada Diccionarios políglotas
9 (RLIN) 11876
852 ## - LOCALIZACIÓN
Ubicación ES-MaACL
Número de control de estantería A-8504
Sublocalización o colección R.97239
852 ## - LOCALIZACIÓN
Ubicación ES-MaACL
Número de control de estantería A-15260
itemnumber 58572
Ubicación en estantería Depósito 1
Signatura antigua Olim: L 03=00 dic
942 ## - ELEMENTOS DE ENTRADA SECUNDARIOS (KOHA)
Fuente del sistema de clasificación o colocación Clasificación decimal universal
Holdings
Estatus retirado Estado de pérdida Fuente del sistema de clasificación o colocación Estado de daño No para préstamo Colección Biblioteca de origen Biblioteca actual Ubicación en estantería Fecha de adquisición Total de préstamos Signatura topográfica completa Código de barras Visto por última vez Precio de reemplazo Tipo de ítem Koha Fuente de adquisición
    Clasificación decimal universal     Colección de referencia Biblioteca del Ateneo de Madrid Biblioteca del Ateneo de Madrid Depósito 1 21/09/2022   A-15260 1203718 23/02/2023 23/02/2023 Libro impreso  
          Colección de referencia Biblioteca del Ateneo de Madrid Biblioteca del Ateneo de Madrid Depósito 1 17/01/2008   A-8504 1059233 23/02/2023 23/02/2023 Libro impreso